Sports Quiz

Random Sports Quiz

Rutgers All-Time Rushing Leaders Quiz Stats

 Plays Quiz not verified by Sporcle

Challenge
Share
Tweet
Embed
Score 0/10 Timer 03:00
0 Plays Today
Years on the banks Name % Correct
2005-07Ray Rice
98.5%
2003-06Brian Leonard
75.1%
1993-95Terrell Willis
34.5%
1971-73JJ Jennings
26.4%
1992-95Bruce Presley
24.4%
1982-85Albert Smith
12.7%
1996-99Jacki Crooks
10.2%
1966-68Bryant Mitchell
2.5%
1975-78Glen Kehler
2%
1921-24Henry Benkert
1.5%

You're not logged in!

Compare scores with friends on all Sporcle quizzes.
Join for Free
OR
Log In

You Might Also Like...

Show Comments

Extras

Top Quizzes Today


Score Distribution

Your Account Isn't Verified!

In order to create a playlist on Sporcle, you need to verify the email address you used during registration. Go to your Sporcle Settings to finish the process.

Report this User

Report this user for behavior that violates our Community Guidelines.

Details: